Elena Holbová: Kam smeruje rieka

Bibliographic Details
Main Authors: V. D. (Author), Holbová, Elena, 1928-2012 (Author)
Format: Article
Language:Slovak
Subjects:

MARC

LEADER 00000nab a2200000 a 4500
001 vtls000133432
003 SK-MaSNL
005 20260304174219.0
008 250423c1982 xo 0 slo
015 |a SNBRB19rr/mm-uuuuu 
035 |a CL0143538 
035 |a urn:nbn:sk:snk-abek04 
035 |a (urnnbn)urn:nbn:sk:snk:ar-003c9p 
035 |a (uuid)28180640-2d0a-4740-baa1-f5a6b93abafe 
040 |a SNKBUCL  |b slo  |c SNKBUCL  |e AACR2 
041 0 |a slo 
044 |a xo  |c SK 
080 |a 82.09:885.4-1(048)  |2 1981 
080 |a 885.4-1(048)  |2 1981 
100 1 |a V. D.  |4 aut  |9 603028 
245 1 0 |a Elena Holbová: Kam smeruje rieka  |c [autor] V. D. 
500 |a V rubrike Knihy, recenzie, glosy 
600 1 7 |a Fulla, Ľudovít,  |d 1902-1980  |2 snkbucl  |9 14872 
655 7 |a slovenská poézia  |2 snkbucl  |9 70444 
655 7 |a články z novín a časopisov  |2 snkbucl  |9 267496 
655 7 |a články z odboru literárna veda a krásna literatúra  |2 snkbucl  |9 770045 
655 7 |a recenzie  |2 snkbucl  |9 21907 
700 1 |a Holbová, Elena,  |d 1928-2012  |4 aut  |9 227286 
773 0 |t Slovenské pohľady  |g Roč. 98, č. 10 (1982), s. 128-129 
787 0 8 |i Rec.:  |a Holbová, Elena  |t Kam smeruje rieka  |d Martin : Osveta, 1982 
850 |a Slovenská národná knižnica 
852 |a Slovenská národná knižnica 
954 |a odborná, vedecká literatúra pôvodná (slovenská)  |2 lita 
958 |a article27 
958 |a RK 
958 |a LX 
958 |a OND 
958 |a EUIPO 
992 |a RBX 
999 |c 3007607  |d 3009537